[Event "Erfurt op-B 29th"]
[Site "Erfurt"]
[Date "2019.12.27"]
[Round "3"]
[White "Homberger, Jan"]
[Black "Drezewski, Alexander"]
[Result "1/2-1/2"]
[WhiteElo "1764"]
[BlackElo "1875"]
[PlyCount "31"]
[EventDate "2019.12.26"]
[EventType "swiss"]
[EventRounds "8"]
[EventCountry "GER"]
[SourceTitle "EXT 2021"]
[Source "ChessBase"]
[SourceDate "2020.10.23"]
[SourceVersion "1"]
[SourceVersionDate "2020.10.23"]
[SourceQuality "1"]

1. d4 d5 2. Bf4 Nf6 3. e3 g6 4. Be2 Bg7 5. Nc3 c6 6. Nf3 Bg4 7. h3 Bxf3 8. Bxf3 Nbd7 9. g4 Ng8 10. Qd2 e5 11. dxe5 Nxe5 12. Bxe5 Bxe5 13. 0-0-0 Qf6 14. Bg2 Bxc3 15. bxc3 0-0-0 16. Qd4 1/2-1/2

[Event "Niedersachsen-ch op-A"]
[Site "Verden"]
[Date "2013.01.04"]
[Round "4"]
[White "Drezewski, Alexander"]
[Black "Frese, Immo"]
[Result "0-1"]
[WhiteElo "1891"]
[BlackElo "1715"]
[PlyCount "146"]
[EventDate "2013.01.03"]
[EventType "swiss"]
[EventRounds "7"]
[EventCountry "GER"]
[SourceTitle "EXT 2014"]
[Source "ChessBase"]
[SourceDate "2013.11.20"]
[SourceVersion "1"]
[SourceVersionDate "2013.11.20"]
[SourceQuality "1"]

1. d4 d5 2. c4 e6 3. Nc3 Nf6 4. Nf3 c6 5. e3 Nbd7 6. Be2 Bd6 7. c5 Bc7 8. Qc2 e5 9. Bd2 0-0 10. h3 Re8 11. 0-0 e4 12. Nh2 Nf8 13. f4 exf3 14. Bxf3 Ne6 15. Be1 Nf8 16. Bf2 Be6 17. Bh4 Qb8 18. g4 N8d7 19. Rf2 Bg3 20. Bxg3 Qxg3+ 21. Rg2 Qxh3 22. Ne2 Ne4 23. Nf4 Qh4 24. Bxe4 dxe4 25. Rf1 Qd8 26. Rg3 Nf6 27. g5 Nd5 28. Qxe4 Bh3 29. Qxe8+ Qxe8 30. Rxh3 Nxf4 31. Rxf4 Qe6 32. Rfh4 Qg6 33. Kf2 Re8 34. Ng4 Qf5+ 35. Kg3 Qxg5 36. Kf3 Qf5+ 37. Kg3 Qg6 38. Kf3 Qe4+ 39. Kg3 Qg6 40. Kf3 Re7 41. Ne5 Qf5+ 42. Kg3 Qg5+ 43. Kf3 f6 44. Ng4 Qf5+ 45. Kg3 Qg5 46. Kf3 g6 47. e4 h5 48. Ne3 b6 49. b4 bxc5 50. bxc5 Rb7 51. Rf4 Rb2 52. Rg3 Rf2+ 53. Kxf2 Qxf4+ 54. Rf3 Qxe4 55. Rg3 Kf7 56. d5 cxd5 57. c6 d4 58. Nf1 Qxc6 59. Rd3 Qe4 60. Rd2 f5 61. Re2 Qf4+ 62. Ke1 Kf6 63. Rf2 Qc1+ 64. Ke2 Ke5 65. Kf3 g5 66. Re2+ Kd5 67. Rf2 g4+ 68. Kg3 Qg5 69. Rb2 h4+ 70. Kg2 h3+ 71. Kh2 Qc1 72. Rf2 f4 73. Kg1 g3 0-1

[Event "Niedersachsen-ch op-B"]
[Site "Verden"]
[Date "2012.01.03"]
[Round "4"]
[White "Drezewski, Alexander"]
[Black "Mai, Robin Jannis"]
[Result "1-0"]
[WhiteElo "1903"]
[BlackElo "1557"]
[PlyCount "45"]
[EventDate "2012.01.02"]
[EventType "swiss"]
[EventRounds "7"]
[EventCountry "GER"]
[SourceTitle "EXT 2021"]
[Source "ChessBase"]
[SourceDate "2020.10.23"]
[SourceVersion "1"]
[SourceVersionDate "2020.10.23"]
[SourceQuality "1"]

1. e4 e6 2. Nf3 d5 3. Nc3 Nf6 4. e5 Nfd7 5. a3 c5 6. Bb5 Nc6 7. Bxc6 bxc6 8. d4 Ba6 9. Ng5 cxd4 10. Ne2 d3 11. Nd4 Nxe5 12. 0-0 d2 13. Bxd2 Bxf1 14. Kxf1 h6 15. Ngxe6 fxe6 16. Qh5+ Nf7 17. Nxe6 Qe7 18. Re1 Kd7 19. Qf5 g6 20. Nxf8+ Kd8 21. Ba5+ Ke8 22. Rxe7+ Kxe7 23. Nxg6+ 1-0

[Event "Niedersachsen-ch op"]
[Site "Verden"]
[Date "2009.01.06"]
[Round "7"]
[White "Drezewski, Alexander"]
[Black "Gawollek, Hans"]
[Result "1-0"]
[WhiteElo "1912"]
[BlackElo "1323"]
[PlyCount "41"]
[EventDate "2009.01.03"]
[EventType "swiss"]
[EventRounds "7"]
[EventCountry "GER"]
[SourceTitle "EXT 2012"]
[Source "ChessBase"]
[SourceDate "2011.11.24"]
[SourceVersion "1"]
[SourceVersionDate "2011.11.24"]
[SourceQuality "1"]

1. e4 e5 2. Nf3 d6 3. Bc4 h6 4. d4 exd4 5. Nxd4 Bd7 6. 0-0 Be7 7. Qh5 g6 8. Qf3 Nf6 9. Qb3 d5 10. exd5 b6 11. d6 Bxd6 12. Bxf7+ Kf8 13. Bxg6 Qe7 14. Qf3 c6 15. Bf4 Bc5 16. Nf5 Bxf5 17. Bxf5 Qe8 18. Nc3 Na6 19. Rfe1 Qf7 20. Be6 Qb7 21. Be5 1-0

[Event "Niedersachsen-ch op"]
[Site "Verden"]
[Date "2009.01.05"]
[Round "5"]
[White "Neumann, Florian"]
[Black "Drezewski, Alexander"]
[Result "1/2-1/2"]
[WhiteElo "1344"]
[BlackElo "1912"]
[PlyCount "42"]
[EventDate "2009.01.03"]
[EventType "swiss"]
[EventRounds "7"]
[EventCountry "GER"]
[SourceTitle "EXT 2012"]
[Source "ChessBase"]
[SourceDate "2011.11.24"]
[SourceVersion "1"]
[SourceVersionDate "2011.11.24"]
[SourceQuality "1"]

1. e4 c5 2. Nf3 d6 3. d4 cxd4 4. Nxd4 Nf6 5. Nc3 a6 6. f3 g6 7. Be3 Bg7 8. Qd2 Nc6 9. Bc4 Bd7 10. 0-0 b5 11. Bb3 Na5 12. Rad1 Nxb3 13. Nxb3 0-0 14. Bh6 Rc8 15. Bxg7 Kxg7 16. Rf2 Qb6 17. Qd4 Qxd4 18. Rxd4 Rc7 19. Nd5 Nxd5 20. Rxd5 Rfc8 21. Rdd2 Be6 1/2-1/2

[Event "Niedersachsen-ch op"]
[Site "Verden"]
[Date "2009.01.03"]
[Round "1"]
[White "Drezewski, Alexander"]
[Black "Meyer, Irmin"]
[Result "0-1"]
[WhiteElo "1912"]
[BlackElo "2036"]
[PlyCount "62"]
[EventDate "2009.01.03"]
[EventType "swiss"]
[EventRounds "7"]
[EventCountry "GER"]
[SourceTitle "EXT 2012"]
[Source "ChessBase"]
[SourceDate "2011.11.24"]
[SourceVersion "1"]
[SourceVersionDate "2011.11.24"]
[SourceQuality "1"]

1. e4 c6 2. d4 d5 3. e5 Bf5 4. Nf3 e6 5. Bd3 Ne7 6. 0-0 Nd7 7. Bg5 Bxd3 8. Qxd3 h6 9. Bxe7 Bxe7 10. Nbd2 0-0 11. c3 c5 12. Rab1 Rc8 13. h3 cxd4 14. Qxd4 Bc5 15. Qd3 Qc7 16. Qe2 a6 17. Nb3 Ba7 18. Rbd1 Bb8 19. Rfe1 b5 20. Rd4 f6 21. exf6 Rxf6 22. Nbd2 Rcf8 23. Nf1 Ba7 24. Rg4 e5 25. Ne3 Bxe3 26. fxe3 e4 27. Nd4 Ne5 28. Ne6 Rxe6 29. Rh4 Nd3 30. Rd1 Qg3 31. Qh5 Rf2 0-1

[Event "Langenhagen-ch op"]
[Site "Langenhagen"]
[Date "2007.05.19"]
[Round "2"]
[White "Gruender, Michael"]
[Black "Drezewski, Alexander"]
[Result "0-1"]
[WhiteElo "1990"]
[BlackElo "1776"]
[PlyCount "106"]
[EventDate "2007.05.12"]
[EventType "swiss"]
[EventRounds "7"]
[EventCountry "GER"]
[SourceTitle "EXT 2021"]
[Source "ChessBase"]
[SourceDate "2020.10.23"]
[SourceVersion "1"]
[SourceVersionDate "2020.10.23"]
[SourceQuality "1"]

1. Nf3 Nf6 2. c4 e6 3. g3 b6 4. Bg2 Bb7 5. 0-0 Be7 6. Nc3 0-0 7. Re1 d6 8. e4 Nbd7 9. d4 e5 10. d5 a5 11. Nh4 Nc5 12. Nf5 Bc8 13. f4 Bxf5 14. exf5 exf4 15. Bxf4 Nfd7 16. Nb5 Bf6 17. Qc2 Ne5 18. Rad1 Re8 19. Nd4 Qd7 20. b3 Ng4 21. Nc6 Rxe1+ 22. Rxe1 Re8 23. Re2 Ne5 24. Bxe5 Bxe5 25. a3 f6 26. b4 axb4 27. axb4 Nb7 28. Bf1 Ra8 29. Qb1 Ra1 30. Nxe5 Qa4 31. Qe4 dxe5 32. d6 Nxd6 33. Qd5+ Kf8 34. c5 bxc5 35. bxc5 Rd1 36. Rd2 Rxd2 37. Qxd2 Ne8 38. Bg2 Qa1+ 39. Kf2 Qa3 40. Qd5 Qb2+ 41. Kf1 Qb1+ 42. Ke2 Qxf5 43. Ke3 Qg5+ 44. Kf2 Qf5+ 45. Ke3 Qc2 46. h4 Qc3+ 47. Kf2 f5 48. Bf1 Qd4+ 49. Qxd4 exd4 50. Bd3 g6 51. h5 Kg7 52. hxg6 hxg6 53. Kf3 Kf6 0-1